000 00313nam a22001337a 4500
041 _aUrdu
082 _a297 PIC
100 _aPikthal Mohammad Marmadeok
245 _aIslami Saqafat aur Daure Jadeed
260 _aNew Delhi
_bAreeb Publication
_c2011
300 _a208
650 _aIslam - Culture
942 _cBK
999 _c21034
_d21034